000 01885nam a2200253Ii 4500
008 221202s xx 000 0 und d
100 1 _aGrillo, Laura S,
_eauthor
245 3 _aAn Intimate Rebuke
246 _aFemale Genital Power in Ritual and Politics in West Africa
264 1 _aDurham, NC
_bDuke University Press
_c2018
300 _a1 online resource
336 _atext
_btxt
_2rdacontent
337 _acomputer
_bc
_2rdamedia
338 _aonline resource
_bcr
_2rdacarrier
490 _aReligious Cultures of African and African Diaspora People
520 _aThroughout West African societies, at times of social crises, postmenopausal women - the Mothers - make a ritual appeal to their innate moral authority. The seat of this power is the female genitalia. Wielding branches or pestles, they strip naked and slap their genitals and bare breasts to curse and expel the forces of evil. In An Intimate Rebuke Laura S. Grillo draws on fieldwork in Côte d'Ivoire that spans three decades to illustrate how these rituals of Female Genital Power (FGP) constitute religious and political responses to abuses of power. When deployed in secret FGP operates as spiritual warfare against witchcraft; in public it serves as a political activism. During Côte d'Ivoire's civil wars FGP challenged the immoral forces of both rebels and the state. Grillo shows how the ritual potency of the Mothers' nudity and the conjuration of their sex embodies a moral power that has been foundational to West African civilization.
653 _aAfrica
653 _aAnthropology
653 _aCivilization Africa
653 _aPolitics And Government Postcolonialism
653 _aReligion Africa
856 _uhttps://docs.google.com/spreadsheets/d/1yKIrdCPDAG_9c22mwoOIO2DOhtj65Wqa/edit?usp=sharing&ouid=106555315294820607512&rtpof=true&sd=true
_yList of Curated E-Books
942 _cE-BOOK
999 _c91629
_d91626